|
|
|
|
| LEADER |
01318nam a2200277 a 4500 |
| 001 |
GR-Patra29972 |
| 008 |
100224s2009 gr gz 000 0 gre d |
| 040 |
|
|
|a GrPaTEI
|b gre
|c GR-PaULI
|
| 040 |
|
|
|a GrPaTEI
|b gre
|c GR-PaULI
|
| 100 |
1 |
|
|a Δήμου, Παναγιώτα
|
| 245 |
1 |
0 |
|a Δικαιόχρηση :
|b Franchise /
|c Φοιτήτριες: Δήμου Παναγιώτα, Τσιούση Μαρία ; Επιβλέπων καθηγητής: Παπαδιονυσίου Διονύσιος.
|
| 260 |
|
|
|a Πάτρα :
|b ΤΕΙ Πάτρας,
|c 2009
|
| 300 |
|
|
|a 91 σ. :
|b εικ., πιν., σχεδ.
|
| 504 |
|
|
|a Βιβλιογραφία: σ. 90
|
| 650 |
|
0 |
|a FRANCHISING
|
| 650 |
|
4 |
|a Δικαιοχρήση
|
| 650 |
|
4 |
|a Πτυχιακή εργασία
|y 2009
|
| 700 |
1 |
|
|a Παπαδιονυσίου, Διονύσιος,
|c Εισηγητής
|
| 700 |
1 |
|
|a Τσιούση, Μάρια
|
| 710 |
0 |
|
|a Σ.Δ.Ο..
|b Τμήμα Λογιστικής
|
| 710 |
0 |
|
|a ΤΕΙ Πάτρας
|
| 856 |
4 |
0 |
|u https://nereus.library.upatras.gr/formerpat/ptyxiakes/sdo/sdo_log/2006-2010/7891pe.pdf
|
| 942 |
|
|
|2 ddc
|
| 952 |
|
|
|0 0
|1 0
|2 ddc
|4 0
|7 1
|9 311921
|a LISK
|b LISK
|c BSC
|d 2021-01-17
|e 24
|f 0
|g 0.00
|l 0
|p 9241007891
|r 2021-01-17 00:00:00
|t 1
|w 2021-01-17
|y BKN
|x 20100224 0 0
|x GrPaTEI
|
| 971 |
|
|
|a .b2677544x
|b 15-04-20
|c 26-09-16
|
| 999 |
|
|
|c 179046
|d 179046
|